zpět

Detail výsledku týmu

Kentaur ÚT, Brno

Datum a čas kvízu

25.5 Celkem bodů Celkový počet nahraných bodů na tomto kvízu bez doplňovacích otázek.
7. Pořadí na kvízu Konečné umístění týmu na tomto kvízu.

Zaznamenané odpovědi

# Otázka Odpověď Body Výsledky
1. Hnutí ANO hrozí pokuta kvůli n... Pojď do mě! 0
2. Velká Británie minulý týden de... po 47 letech (42–52) 1
3. Plzeňská kapela Mandrage v sob... Vít Starý 0
4. V pátek vstoupilo v platnost o... zákaz předjíždění pro kamiony 0
5. Napíšete-li jména obou šampión... Novak Djoković, Sofia Keninová 0
6. Co všechno může být ztracené?... Jantarová komnata 0
7. Vzpomenete si na seriál Ztrace... lední medvěd 1
8. "Ne každé zlato třpytívá se, n... Bilbo Pytlík 1
9. Jak se jmenuje rozsáhlá epická... Ztracený ráj (Paradise Lost) 0
10. Dodnes nebyla uspokojivě vysvě... na území Ruska 0